000 00496nam a2200181Ia 4500
005 20250423101749.0
008 250422s9999 xx 000 0 und d
020 _a9781932425192
050 _aPZ 7 .N55/
100 _aNilsson, Per
245 0 _aYou & you & you
260 _aAsheville, N.C
260 _bFront Street
260 _c2005
300 _a301 p
650 _aFriendship--Fiction. Family life--Sweden--Fiction. Schools--Fiction. Love--Fiction. Sweden--Fiction.
942 _cBK
999 _c37208
_d37208